000 00561nam a2200205Ia 4500
005 20250508170020.0
008 008 250505s9999 xx 000 0 hin d
020 _a978-81-7138-339-9
037 _aTextual
040 _aFEDL
_beng
_cFEDL
041 _ahin
_2eng
084 _a891.433, RAN
_qFEDL
100 _aRanganathan Jayanti
_9409675
245 0 _aEk ladki das mukhote
260 _aNew Delhi, India
_bSamayik Prakashan
_c2013
300 _a128p.
365 _aINR
_b200
942 _cTEXL
_h891.433, RAN
999 _c1398695
_d1398695